[Event "RUS-chT U18"]
[Site "St Petersburg"]
[Date "2015.08.08"]
[Round "8.30"]
[White "Gusarov, Aleksey"]
[Black "Azimov, Ilyas"]
[Result "1-0"]
[WhiteElo "2003"]
[BlackElo "2058"]
[PlyCount "111"]
[EventDate "2015.08.01"]
[EventType "team-swiss"]
[EventRounds "9"]
[EventCountry "RUS"]
[SourceTitle "CBM 167 Extra"]
[Source "ChessBase"]
[SourceDate "2015.09.14"]
[SourceVersion "1"]
[SourceVersionDate "2015.09.14"]
[SourceQuality "1"]
[WhiteTeam "Samara Rook"]
[BlackTeam "Vasileostrovsky District"]
[WhiteTeamCountry "RUS"]
[BlackTeamCountry "RUS"]

1. e4 c5 2. c3 d5 3. exd5 Qxd5 4. Nf3 Nc6 5. d4 Bf5 6. dxc5 Qxd1+ 7. Kxd1 0-0-0+ 8. Ke1 Nf6 9. Be3 Nd5 10. Nbd2 e6 11. Nb3 Nxe3 12. fxe3 Be7 13. Bc4 g5 14. Nbd4 Bxc5 15. Nxf5 exf5 16. Bxf7 Bxe3 17. Ke2 f4 18. Rhd1 h6 19. Rxd8+ Kxd8 20. Rd1+ Ke7 21. Bh5 Rd8 22. Rxd8 Nxd8 23. Ne5 Kf6 24. Ng4+ Ke6 25. Nxe3 fxe3 26. Kxe3 Ke5 27. Bf3 b6 28. c4 Ne6 29. b4 Nd4 30. Kd3 Ne6 31. Bc6 Nf4+ 32. Ke3 Ne6 33. Bd5 Nf4 34. Bc6 Ne6 35. Bb7 Nd4 36. Kd3 Ne6 37. g3 h5 38. Bd5 Nd4 39. Bg2 Ne6 40. Ke3 Nd4 41. Be4 h4 42. gxh4 gxh4 43. c5 bxc5 44. bxc5 Ne6 45. c6 Kd6 46. Bh1 Nd8 47. Kf4 Nxc6 48. Bxc6 Kxc6 49. Kg4 Kb5 50. Kxh4 Kb4 51. Kg4 Ka3 52. h4 Kxa2 53. h5 a5 54. h6 a4 55. h7 a3 56. h8Q 1-0

[Event "RUS-chT U18"]
[Site "St Petersburg"]
[Date "2015.08.05"]
[Round "5.30"]
[White "Yashmetov, Mikhail"]
[Black "Gusarov, Aleksey"]
[Result "0-1"]
[WhiteElo "2183"]
[BlackElo "2003"]
[PlyCount "88"]
[EventDate "2015.08.01"]
[EventType "team-swiss"]
[EventRounds "9"]
[EventCountry "RUS"]
[SourceTitle "CBM 167 Extra"]
[Source "ChessBase"]
[SourceDate "2015.09.14"]
[SourceVersion "1"]
[SourceVersionDate "2015.09.14"]
[SourceQuality "1"]
[WhiteTeam "Kostroma MBOU"]
[BlackTeam "Samara Rook"]
[WhiteTeamCountry "RUS"]
[BlackTeamCountry "RUS"]

1. d4 d5 2. c4 c6 3. Nf3 Nf6 4. g3 Bf5 5. Bg2 e6 6. 0-0 Be7 7. Nc3 h6 8. Qb3 Qb6 9. c5 Qxb3 10. axb3 Nbd7 11. b4 Ne4 12. Nd2 Nxd2 13. Bxd2 Bf6 14. e4 dxe4 15. Be3 0-0 16. Nxe4 Bxe4 17. Bxe4 a6 18. Rfe1 Be7 19. Bf4 Nf6 20. Bg2 Rfd8 21. Rad1 Nd5 22. Bd2 Bf6 23. Bc3 Rd7 24. Rd2 Rad8 25. Red1 Bg5 26. f4 Bf6 27. Kf2 Ne7 28. Be4 Nf5 29. Bxf5 exf5 30. Kf3 Rd5 31. h3 g5 32. Rd3 Kg7 33. R3d2 Kg6 34. Rd3 Kh5 35. R3d2 Re8 36. Rd3 g4+ 37. hxg4+ fxg4+ 38. Kf2 Re4 39. Kf1 Kg6 40. R3d2 h5 41. Kg2 h4 42. gxh4 Rxf4 43. Kg3 Rf3+ 44. Kxg4 Rdf5 0-1

[Event "RUS-chT U18"]
[Site "St Petersburg"]
[Date "2015.08.04"]
[Round "4.38"]
[White "Gusarov, Aleksey"]
[Black "Golikov, Daniil"]
[Result "1-0"]
[WhiteElo "2003"]
[BlackElo "1995"]
[PlyCount "81"]
[EventDate "2015.08.01"]
[EventType "team-swiss"]
[EventRounds "9"]
[EventCountry "RUS"]
[SourceTitle "CBM 167 Extra"]
[Source "ChessBase"]
[SourceDate "2015.09.14"]
[SourceVersion "1"]
[SourceVersionDate "2015.09.14"]
[SourceQuality "1"]
[WhiteTeam "Samara Rook"]
[BlackTeam "SDYuSShOR SS III"]
[WhiteTeamCountry "RUS"]
[BlackTeamCountry "RUS"]

1. e4 e6 2. d4 d5 3. Nc3 Bb4 4. e5 Ne7 5. a3 Bxc3+ 6. bxc3 b6 7. Qg4 Ng6 8. h4 h5 9. Qg3 Ba6 10. Bxa6 Nxa6 11. Qd3 Nb8 12. Nf3 Nc6 13. Bg5 Qd7 14. c4 dxc4 15. Qxc4 Na5 16. Qb4 Qd5 17. 0-0 Nc4 18. c3 a5 19. Qa4+ c6 20. Qc2 b5 21. Nd2 Nxd2 22. Qxd2 Nf8 23. a4 Nd7 24. axb5 cxb5 25. Rfb1 a4 26. Qb2 Rb8 27. Qb4 f6 28. Bf4 Rb6 29. exf6 gxf6 30. Bc7 Rg8 31. g3 Rb7 32. Qd6 Nb6 33. Rxb5 Qxd6 34. Bxd6 Kd7 35. Bc5 Kc6 36. Rxb6+ Rxb6 37. Bxb6 Kxb6 38. Rxa4 Kb5 39. Rb4+ Kc6 40. Kg2 Rc8 41. Rc4+ 1-0